000 01333nam a22002777a 4500
003 OSt
005 20250405041111.0
008 250324b ||||| |||| 00| 0 eng d
040 _bEnglish.
_cCvSU-CCAT Campus Library.
_erda.
050 _aUM HF 5381
_bA43 2005
100 _aAlastoy, Michelle V., author.
_915523
245 _aEmployability of the graduates of Bachelor of Science in Hotel and Restaurant Management (BSHRM) of the Cavite State University Rosario Campus, S.Y. 1999-2000 TO 2001-2002
_cMichelle V. Alastoy, Luzviminda B. Salazar, Joann J. Samartino.
260 _aRosario, Cavite :
_bCavite State University-CCAT Campus,
_c2005.
300 _axiii, 35 leaves :
_billustrations ;
_c28 cm
500 _aUndergraduate Thesis (BSIE) -- Cavite State University-CCAT Campus, 2005.
504 _aIncludes bibliographical references and appendices.
546 _aIn English text
650 _aEmployability.
_99503
650 _aBSHRM graduates -- Employability.
_915395
650 _aBSHRM graduates -- CvSU-Rosario Campus -- Academic Year 1999-2002.
_915985
700 _aSalazar, Luzviminda B., author.
_915524
700 _aSamartino, Joann J., author.
_915525
700 _aNepomuceno, Lucena C., adviser.
_913188
942 _2lcc
_cT/M/D
_kUM
_hHF 5381 A43 2005
999 _c3978
_d3978